| 000 | 00419nam a2200169Ia 4500 | ||
|---|---|---|---|
| 008 | 230917s9999||||xx |||||||||||||| ||und|| | ||
| 020 | _cRs. 595.00 | ||
| 040 |
_e5008959 _aMAIN |
||
| 041 | _aEnglish | ||
| 082 | _a005.43 P442C | ||
| 100 | _aPeterson, Richard | ||
| 245 | 0 | _aLinux: The complete reference | |
| 250 | _a4th ed. | ||
| 260 |
_aNew Delhi _bTata McGraw-Hill _c2001 |
||
| 300 | _axxxv, 1257 p. | ||
| 942 | _cBK | ||
| 999 |
_c9968 _d9968 |
||